| 000 -LEADER |
| fixed length control field |
00699cam a2200193 a 4500 |
| 020 ## - INTERNATIONAL STANDARD BOOK NUMBER |
| ISBN |
9251045879 |
| 040 ## - CATALOGING SOURCE |
| Transcribing agency |
UKM |
| 082 04 - DEWEY DECIMAL CLASSIFICATION NUMBER |
| Classification number |
578 FOO 2001 A082 Or. |
| 245 04 - TITLE STATEMENT |
| Title |
The living marine resources of the Western Central Pacific. |
| 260 ## - PUBLICATION, DISTRIBUTION, ETC. (IMPRINT) |
| Place of publication |
Rome : |
| -- |
[Great Britain] : |
| Name of publisher |
Food and Agriculture Organization of the United Nations, |
| Year of publication |
2001. |
| 300 ## - PHYSICAL DESCRIPTION |
| Number of Pages |
iii, p. 2791-3379, [4] leaves of plates : |
| Other physical details |
ill. (some col.), maps ; |
| Dimensions |
25 cm. |
| 650 #0 - SUBJECT ADDED ENTRY--TOPICAL TERM |
| Topical Term |
Marine organisms |
| 700 1# - ADDED ENTRY--PERSONAL NAME |
| Personal name |
Carpenter, Kent E. |
| 700 1# - ADDED ENTRY--PERSONAL NAME |
| Personal name |
Niem, Volker H. |
| 710 2# - ADDED ENTRY--CORPORATE NAME |
| Corporate name or jurisdiction name as entry element |
Food and Agriculture Organization of the United Nations. |
| 710 2# - ADDED ENTRY--CORPORATE NAME |
| Corporate name or jurisdiction name as entry element |
South Pacific Forum Fisheries Agency. |
| 710 2# - ADDED ENTRY--CORPORATE NAME |
| Corporate name or jurisdiction name as entry element |
NORAD (Organisation). |
| 942 ## - ADDED ENTRY ELEMENTS (KOHA) |
| Koha item type |
សៀវភៅភាសាអង់គ្លេស |
| 952 ## - LOCATION AND ITEM INFORMATION (KOHA) |
| Withdrawn status [LOCAL, KOHA] |
0 |
| 952 ## - LOCATION AND ITEM INFORMATION (KOHA) |
| Withdrawn status [LOCAL, KOHA] |
0 |
| 952 ## - LOCATION AND ITEM INFORMATION (KOHA) |
| Withdrawn status [LOCAL, KOHA] |
0 |
| 952 ## - LOCATION AND ITEM INFORMATION (KOHA) |
| Withdrawn status [LOCAL, KOHA] |
0 |